000 01280nam a2200349 c 4500
999 _c147110
_d147110
003 BLK
005 20231228162641.0
008 180410b bul|||||r ||||||| ||bul||
010 _aKNG00153318000
020 _a9789548692465
040 _aBLK
041 _aBUL
_cBUL
072 7 _2bullib
_aН83
_xЧужда художествена литература Н
080 _aХоландска (нидерландска, фламандска) литература
_b821.112.5
_x-31
_z821.112.5-31
100 1 _aПалмен, Кони
_eпърви автор
_9105799
139 _aПалмен, Кони
_bП 15
245 1 0 _aИ. М.
_cКони Палмен; прев. от нидерл. Мария Енчева.
257 _aNLD
260 _bАквариус
_c2012
_fСофия : Симолини
_aСофия
300 _a312 с.
_c20 см
380 _aX
500 _aОриг. загл. I. M. / Connie Palmen.
659 _aН
700 _aЕнчева, Мария Генчева
_eпрев. от нидерл.
_9389437
852 _aЦб 266443
856 4 _qpdf
856 4 _qpdf
942 _cKNG
_n0
_s1
_03
944 _aCR
_c14.11.2013
_k30560
_lГеновева Генчева
944 _aED
_c01.12.2014
_kВиолета_Тройчева
999 _d147110